|
|
|
|
| LEADER |
01781nam a22003974a 4500 |
| 001 |
45732 |
| 003 |
BD-DhAAL |
| 005 |
20260510183131.0 |
| 008 |
260510t1999 nyua b 001 0 eng |
| 010 |
|
|
|a 99019910
|
| 020 |
|
|
|a 0231108427
|
| 020 |
|
|
|a 0231108435
|
| 020 |
|
|
|a 9780231108423
|
| 020 |
|
|
|a 9780231108430
|
| 035 |
|
|
|a 4048134
|
| 040 |
|
|
|a DLC
|c DLC
|d DLC
|d BD-DhAAL
|
| 042 |
|
|
|a pcc
|
| 043 |
|
|
|a a-ja---
|
| 050 |
0 |
0 |
|a JQ1631
|b .C87 1999
|
| 082 |
0 |
0 |
|a 320.95209049
|2 21
|
| 100 |
1 |
|
|a Curtis, Gerald L.
|9 60572
|
| 245 |
1 |
4 |
|a The logic of Japanese politics :
|b leaders, institutions, and the limits of change /
|c Gerald L. Curtis.
|
| 246 |
|
3 |
|a The logic of Japanese politics
|
| 260 |
|
|
|a New York :
|b Columbia University Press,
|c c1999.
|
| 300 |
|
|
|a xi, 303 pages :
|b illustrations ;
|c 24 cm
|
| 440 |
|
0 |
|a Studies of the East Asian Institute
|9 60532
|
| 504 |
|
|
|a Includes bibliographical references and index.
|
| 526 |
8 |
|
|a AAL
|
| 541 |
1 |
|
|a Donated by Embassy of Japan in Bangladesh, Read Japan Project 2025, The Tokyo Foundation, supported by The Nippon Foundation.
|e 45732
|
| 650 |
|
0 |
|a Political culture
|z Japan.
|9 60573
|
| 650 |
|
0 |
|a Social sciences.
|
| 651 |
|
0 |
|a Japan
|x Politics and government
|y 1989-
|9 60574
|
| 852 |
1 |
|
|a Ayesha Abed Library
|c General stacks
|
| 942 |
|
|
|2 ddc
|c BK
|
| 999 |
|
|
|c 47906
|d 47906
|
| 952 |
|
|
|0 0
|1 0
|2 ddc
|4 0
|6 320_952090490000000_CUR
|7 0
|9 79164
|a BRACUL
|b BRACUL
|d 2026-05-10
|e Donated by Embassy of Japan in Bangladesh, Read Japan Project 2025, The Tokyo Foundation, supported by The Nippon Foundation.
|l 0
|o 320.95209049 CUR
|p 3010045732
|r 2026-05-10
|t 1
|w 2026-05-10
|y BK
|x Donated copy received from Embassy of Japan in Bangladesh, Read Japan Project 2025, The Tokyo Foundation, supported by The Nippon Foundation on 08 April 2026; $35.00
|